Т. 4. Ч. 2; Россия и российская эмиграция в воспоминаниях и дневниках

Détails bibliographiques
Parent link:Россия и российская эмиграция в воспоминаниях и дневниках: аннотированный указатель книг, журнальных и газетных публикаций, изданных за рубежом в 1917 - 1991 гг./ Государственная публичная историческая библиотека России (ГПИБ) ; Стэнфордский университет ; под ред. А. Г. Тартаковского, Т. Эммонса, О. В. Будницкого. Т. 4. Ч. 2.— , 2003-2006.— 5-8243-0388-6
Résumé:В настоящем указателе учтены и описаны воспоминания и дневники трех поколений российской эмиграции, а также советских граждан, изданные за рубежом на русском языке в 1917—1991 гг. Вторая часть 4-го тома этого издания содержит вспомогательные указатели к вышедшим томам: «Указатель имен», «Указатель географических названий», «Краткие сведения об авторах мемуаров, включенных в 1—4 тома», «Список проаннотированных целиком сборников, учтенных в 1—4 томах».
Langue:russe
Publié: 2006
Sujets:
Format: Livre
KOHA link:https://koha.lib.tpu.ru/cgi-bin/koha/opac-detail.pl?biblionumber=129373

MARC

LEADER 00000nam2a2200000 4500
001 129373
005 20231031133300.0
010 |a 5824307741 
035 |a (RuTPU)RU\TPU\book\140021 
090 |a 129373 
100 |a 20080123d2006 k y0rusy50 ca 
101 0 |a rus 
102 |a RU 
105 |a y c 000zy 
200 0 |a Т. 4. Ч. 2 
210 |d 2006 
215 |a 544 с. 
330 |a В настоящем указателе учтены и описаны воспоминания и дневники трех поколений российской эмиграции, а также советских граждан, изданные за рубежом на русском языке в 1917—1991 гг. Вторая часть 4-го тома этого издания содержит вспомогательные указатели к вышедшим томам: «Указатель имен», «Указатель географических названий», «Краткие сведения об авторах мемуаров, включенных в 1—4 тома», «Список проаннотированных целиком сборников, учтенных в 1—4 томах». 
461 1 |0 (RuTPU)RU\TPU\book\159664  |y 5-8243-0388-6  |t Россия и российская эмиграция в воспоминаниях и дневниках  |o аннотированный указатель книг, журнальных и газетных публикаций, изданных за рубежом в 1917 - 1991 гг.  |o в 4 т.  |f Государственная публичная историческая библиотека России (ГПИБ) ; Стэнфордский университет ; под ред. А. Г. Тартаковского, Т. Эммонса, О. В. Будницкого  |v Т. 4. Ч. 2  |d 2003-2006 
610 1 |a библиографические пособия 
610 1 |a аннотированные указатели 
610 1 |a книги 
610 1 |a журналы 
610 1 |a газетные публикации 
610 1 |a статьи 
610 1 |a воспоминания 
610 1 |a мемуары 
610 1 |a эмиграция 
610 1 |a 20 век 
610 1 |a зарубежные издания 
686 |a Я17  |v LBC/SL-A  |2 rubbk 
686 |a Ч611.68  |v LBC/SL-A  |2 rubbk 
801 1 |a RU  |b 63413507  |c 20080123  |g PSBO 
801 2 |a RU  |b 63413507  |c 20090727  |g PSBO 
942 |c BK 
959 |a 4/20080123  |d 1  |e 340,00  |f РФ:1